000 00778nam a2200265 a 4500
001 53898
003 BD-RjUL
005 20211209080035.0
008 140210s2004 ii a b 001 0 eng
020 _a8129702010
_c: Rs 395
035 _a(BD-RjUL)54020
040 _aDLC
_cDLC
_dDLC
_dBD-RjUL
_beng
041 _aeng
082 0 0 _a658.8
_223
_bKOP 2004
100 1 _aKotler, Philip.
_91938
245 1 0 _aPrinciples of marketing /
_cPhilip Kotler , Gary Armstraong
250 _a10th ed.
260 _aIndia :
_bPerson education,
_cc2004.
300 _axxix, 661 p. :
_bill. ;
_c25 cm.
504 _aIncludes bibliographical references and indexes.
650 0 _aMarketing.
_948041
700 _aArmstraong, Gary
_9233974
942 _2ddc
_cBK
999 _c53898
_d53898